000 00602nam a2200241 a 4500
001 nice12345678
003 IN_TiNIC
005 20260116012053.0
008 050524s1968 lona grp 000 0 eng
020 _a
_c100
082 0 0 _a248
_bSUL
100 _aSullivan, Martyn
245 _aFunny Thing Happened to Me on My Way to St. Paul`s
260 _aLondon
_bHodder & Stoughton
_c1968
300 _a128p
500 _aincludes index and biblioraphy
505 2 _aBibliography
650 _aChristian-Life
700 1 _aSullivan, Martyn
902 _bSRS
942 _cBK
999 _c5523
_d5523